Les dictatures dans le monde - Statistiques

Statistiques générales
  • Ce quiz a été pris 1 330 fois
  • Le résultat moyen est 29 sur 51
Statistiques - réponses
Score Pays % Correct
1,08 Corée du Nord
97%
3,24 Russie
93%
3,14 Chine
89%
2,34 Iran
80%
1,93 République démocratique du Congo
77%
1,43 Syrie
77%
2,55 Afghanistan
76%
2,91 République du Congo
74%
1,93 Arabie saoudite
72%
2,25 Libye
71%
3,54 Biélorussie
70%
3,56 Algérie
68%
2,37 Soudan
68%
3,31 Egypte
67%
2,07 Yémen
66%
1,83 Turkménistan
65%
3,96 Niger
64%
3,18 Qatar
64%
1,95 Ouzbékistan
62%
3,04 Oman
60%
3,46 Cuba
59%
3,06 Kazakhstan
59%
1,50 Tchad
59%
2,37 Erythrée
54%
1,89 Tadjikistan
54%
3,38 Viêt-Nam
52%
3,40 Angola
51%
3,60 Ethiopie
51%
3,96 Mauritanie
51%
3,85 Koweït
50%
3,14 Guinée
49%
3,96 Jordanie
48%
3,07 Rwanda
48%
3,46 Cameroun
47%
2,37 Laos
47%
2,65 Azerbaïdjan
46%
2,79 Bahreïn
46%
1,61 République centrafricaine
45%
3,74 Gabon
44%
3,05 Zimbabwe
44%
3,32 Togo
42%
2,40 Burundi
41%
2,75 Emirats arabes unis
41%
1,70 Guinée équatoriale
39%
2,83 Djibouti
38%
1,98 Guinée-Bissau
38%
3,88 Arménie
35%
3,81 Côte d'Ivoire
35%
2,91 Gambie
35%
3,71 Comores
28%
3,03 Swaziland
20%
Aucun quiz correspondant
Distribution des résultats
% des personnes avec chaque résultat
Percentile par nombre de réponses
Votre historique - résultats
Vous n’avez pas pris ce quiz